UZAY GEZGİNLERİ ACAYIP YARISMALAR DİYARI (Record no. 799057)

MARC details
000 -LEADER
sabit uzunluktaki kontrol alanı 00265nam a2200097Ia 4500
001 - KONTROL NUMARASI
kontrol alanı 799057
005 - EN SON İŞLEMİN TARİH VE ZAMANI
kontrol alanı 20250826170839.0
008 - SABİT-UZUNLUKTA VERİ ÖĞELERİ--GENEL BİLGİ
sabit uzunluktaki kontrol alanı 250824s9999 xx 000 0 und d
245 #0 - ESER / YAZAR
ESER ADI UZAY GEZGİNLERİ ACAYIP YARISMALAR DİYARI
Yazar Adı NAZLI ASPAY SENER
260 ## - YAYIN, DAĞITIM, VB.
YAYIN EVİ GENÇ HAYAT
Holdings
Düşüm durumu Kayıp durumu Hasar Durumu Ödünç verilmez Ana kütüphane Geçerli Kütüphane Edinilen tarih Toplam ödünç verme sayısı Barkod Son görüntüleme tarihi Son ödünç verme tarihi Fiyatın geçerli olmaya başladığı tarih Koha materyal türü
        BORSA İSTANBUL ORTAOKULU BORSA İSTANBUL ORTAOKULU 24.08.2025 3 10315320 13.03.2026 11.03.2026 26.08.2025 Books